MARC details
| 000 -BAŞLIK |
| Sabit Uzunlukta Kontrol Alanı |
01365na a2200349 4500 |
| 001 - KONTROL NUMARASI |
| Denetim Alanı |
22706 |
| 003 - KONTROL NUMARASI IDENTIFIER |
| Denetim Alanı |
MIRAKIL |
| 005 - SON İŞLEM TARİHİ VE ZAMANI |
| Denetim Alanı |
20181213155253.0 |
| 008 - SABİT-BOY VERİ ELEMANLARI - GENEL BİLGİLER |
| Sabit Uzunlukta Kontrol Alanı |
170223b tu 000 0 |
| 040 ## - KATALOGLAMA KAYNAK |
| Orijinal Kataloglama Ajansı |
Milas |
| Kataloglama Dili |
tur |
| Metne Dönüştürmek Ajansı |
TR-AnCHP |
| 041 ## - DİL KODU |
| Metin / Ses Parça Veya Ayrı Başlığın Dil Kodu |
tur |
| 082 ## - DEWEY ONLU SINIFLANDIRMA NUMARASI |
| Sınıflandırma Numarası |
CHP 324.95622316 |
| Ürün Numarası |
C36s 2010 |
| 090 ## - SINIFLAMA NUMARASI |
| Sınıflama Numarası |
CHP 324.95622316 C36s 2010 |
| 091 ## - MICROFILM RAF YER (AM) [OBSOLETE] |
| Mikrofilm Raf Yeri |
ARŞİV-Seçimler-İl ve ilçeler |
| 110 ## - ANA GİRİŞ - KURUMSAL ADI |
| Giriş Elemanı Olarak Kurumsal Ad Veya Yargı Alanı Adı |
Cumhuriyet Halk Partisi (CHP) |
| Alt Birim |
Bursa İl Başkanlığı |
| 222 ## - ANAHTAR ADI |
| Anahtar Başlık |
Seçim tutanakları |
| 245 ## - BAŞLIK TABLOSU |
| Başlık |
Nilüfer ilçe seçim tutanakları |
| Başlığın Kalan |
referandum 2010 |
| Sorumluluk Tablosu, Vb |
CHP Bursa İl Başkanlığı |
| 246 ## - UNVAN FORM VARYING |
| Başlık Doğru / Kısa Başlığı |
CHP Nilüfer ilçe başkanlığı 2010 halkoylaması tutanakları |
| 246 ## - UNVAN FORM VARYING |
| Başlık Doğru / Kısa Başlığı |
Referandum 2010 Nilüfer ilçe seçim tutanakları |
| 260 ## - YAYIN, DAĞITIM, VB |
| Yayın, Dağıtım, Vb Yeri |
[Bursa] |
| Yayıncı, Dağıtıcı, Vs Adı |
[CHP Bursa İl Başkanlığı] |
| Yayın, Dağıtım, Vb Tarihi |
2010 |
| 300 ## - FİZİKSEL TANIM |
| Kapsam |
1 klasör |
| 610 ## - KONU KATMA GİRİŞ - TOPLANTI ADI |
| Giriş Elemanı Olarak Kurumsal Ad Veya Yargı Alanı Adı |
CHP |
| Alt Birim |
Bursa İl Başkanlığı |
| Genel Alt Bölüm |
Seçim tutanakları |
| Kronolojik Alt Bölüm |
Referandum, 2010 |
| 610 ## - KONU KATMA GİRİŞ - TOPLANTI ADI |
| Giriş Elemanı Olarak Kurumsal Ad Veya Yargı Alanı Adı |
CHP |
| Genel Alt Bölüm |
İl ve ilçe teşkilatları |
| Kronolojik Alt Bölüm |
Seçim tutanakları |
| Coğrafi Alt Bölüm |
Bursa |
| 650 ## - KONU KATMA GİRİŞ - TOPİKAL DÖNEM |
| Topikal Süreli Veya Coğrafi Ad Giriş Elemanı |
Seçimler |
| Coğrafi Alt Bölümü |
Türkiye |
| 651 ## - KONU KATMA GİRİŞ - COĞRAFİ ADI |
| Coğrafi İsim |
Türkiye |
| Genel Alt Bölümü |
Referandum uygulamaları |
| 740 ## - KATMA GİRİŞ - KONTROLSUZ İLGİLİ / ANALİTİK BAŞLIK |
| Kontrol Edilmeyen / İlgili Analitik Başlıktaki |
CHP Nilüfer ilçe başkanlığı 2010 halkoylaması tutanakları |
| 740 ## - KATMA GİRİŞ - KONTROLSUZ İLGİLİ / ANALİTİK BAŞLIK |
| Kontrol Edilmeyen / İlgili Analitik Başlıktaki |
Referandum 2010 Nilüfer ilçe seçim tutanakları |
| 740 ## - KATMA GİRİŞ - KONTROLSUZ İLGİLİ / ANALİTİK BAŞLIK |
| Kontrol Edilmeyen / İlgili Analitik Başlıktaki |
CHP ilçe seçim tutanakları |
| 740 ## - KATMA GİRİŞ - KONTROLSUZ İLGİLİ / ANALİTİK BAŞLIK |
| Kontrol Edilmeyen / İlgili Analitik Başlıktaki |
Seçim tutanakları |
| 942 ## - EKLENDİ GİRİŞ ELEMANLARI (KOHA) |
| Sınıflandırma Veya Raf Düzeni Kaynak |
Dewey Decimal Classification |
| Koha Öğesi Türü |
Books |
| 999 ## - SİSTEM KONTROL NUMARALARI (KOHA) |
| Koha Biblionumber |
9660 |
| Koha Biblioitemnumber |
9660 |